000 00215 a2200097 4500
001 48805
100 _aHeisler
245 _aAdvance vehicle technology
260 _aLondon
_bEdward Arnold
_c
090 _c31705
_d31705
942 _aNUST-CAE
_cM
_c24120
999 _c283878
_d283878